000 00325nam a2200133Ia 4500
008 150301s2015 xx 000 0 und d
082 _a615
_bP14K
100 _aKAMALA KANNAN P.
245 _aTB OF PHARMACOLOGY FOR NUR AND ALLED HESLTH
260 _bCBS- DELHI
300 _a283
650 _aPHARMACOLOGY
942 _2ddc
_cBK
999 _c7232
_d7232